000 00490nam a2200157Ia 4500
008 160316s2001 xxu||||| |||| 00| 0 eng d
082 _a378.000000
_bPOW
100 _aPowar K B
245 _aInternationalisation of Indian higher education
250 _a
260 _aNew Delhi
_bAssociation of Indian Universities
_c2001
300 _a200p
_b
_cviii
365 _bRs.350
650 _a1. Higher Education - State - India 2. Indian Higher Education - Internationalisation
700 _a
_a
999 _c19877
_d19877